Statistiche per Italia per immagini

Clicka qui per fare il quiz!

Statistiche generali

  • Questo quiz è stato fatto 16.041 volte
  • Il punteggio medio è 15 su 18

Statistiche sulle risposte

Risposta% Corretto
Colosseo
99%
Pizza
99%
Torre pendente di Pisa
98%
Ferrari
96%
Alpi
94%
Vesuvio
94%
Pasta
92%
Lago di {Garda}
91%
Vespa
91%
Fiat {500}
89%
Leonardo da Vinci
89%
Venezia
88%
Torino
84%
Luciano Pavarotti
80%
Pantheon
80%
Basilica di {San Marco}
63%
Sofia Loren
62%
Espresso
59%

Distribuzione punteggi

Percentile per numero di risposta

Percentuale di utenti per punteggio

I tuoi punteggi nel tempo

Non hai fatto questo quiz